[Event "URU-ch Final 2018"]
[Site "Montevideo"]
[Date "2018.04.09"]
[Round "3"]
[White "Rodriguez Vila, Andres"]
[Black "Dominguez, Facundo"]
[Result "1-0"]
[WhiteElo "2473"]
[BlackElo "2143"]
[Annotator "TA"]
[PlyCount "65"]
[EventDate "2018.??.??"]
[EventType "tourn"]
[EventCountry "URU"]
[SourceTitle "playchess.com"]
[Source "ChessBase"]
[SourceQuality "1"]

{[%evp 17,65,68,62,62,59,46,58,54,85,94,123,114,122,112,103,100,128,99,108,112,94,91,149,139,112,57,186,180,218,185,159,146,173,179,247,158,152,157,153,114,98,74,112,0,974,967,1155,1160,1389,1312]} 1. d4 Nf6 2. Nc3 e6 3. e4 d5 4. Bg5 Be7 5. e5 Nfd7 6. h4 a6 7. Qg4 h5 8. Qg3 {C14: French: Classical System: 4 Bg5 Be7 main line} Bxg5 9. hxg5 g6 {LiveBook: 4 Games} (9... c5 10. dxc5 g6 11. O-O-O Nxc5 12. f4 b5 13. Qe3 Qb6 14. Kb1 Nc6 15. Nf3 b4 {1-0 (33) Perez Candelario,M (2569)-Arribas Lopez,A (2559) Linares 2015}) 10. f4 {White is slightly better.} c5 11. Nf3 Nc6 12. O-O-O c4 $146 ({Predecessor:} 12... cxd4 13. Nxd4 Nb6 14. Qf2 Rf8 15. Nxc6 bxc6 {1-0 (49) Atri,J (2021)-Maciejewski,K (1685) Pardubice 2017}) 13. f5 Nf8 14. Bxc4 gxf5 15. Bb3 Ng6 16. Rh3 Nce7 17. Qh2 b5 18. Rxh5 Rxh5 19. Qxh5 Kd7 (19... Qb6 $142) 20. g4 Bb7 21. Ne1 (21. Re1 $16) 21... fxg4 (21... Qb6 $14 22. gxf5 Nxf5) 22. Nd3 $18 ({Much less strong is} 22. Qxg4 $6 Qc7 $16) 22... Qh8 23. Qxg4 Qh4 24. Qg1 Nf4 25. Nc5+ Kc7 (25... Kc8 $142 26. Kb1 Neg6) 26. Kb1 Nf5 {[#]} 27. g6 $1 {[%mdl 512]} fxg6 (27... Nxg6 28. Nxe6+) 28. Rf1 Bc8 29. a4 {Threatens to win with Rxf4!} b4 30. Bxd5 ({Better is} 30. Nd1 $16) 30... exd5 $4 {[%mdl 8192] [#]} ({Not} 30... Nxd5 $2 31. Nxd5+ exd5 32. Qxg6 $18) (30... Rb8 $11 31. Rxf4 Qxf4) 31. Rxf4 $1 {[%mdl 512] White is clearly winning.} Qh5 (31... Qxf4 32. Nxd5+) 32. Nxd5+ Kb8 33. Nxb4 {Precision: White = 65%, Black = 38%.} 1-0

[Event "URU-ch Final 2018"]
[Site "Montevideo"]
[Date "2018.04.09"]
[Round "3"]
[White "Roselli Mailhe, Bernardo"]
[Black "Caitano, Martin Joel"]
[Result "1-0"]
[WhiteElo "2433"]
[BlackElo "2115"]
[Annotator "TA"]
[PlyCount "99"]
[EventDate "2018.??.??"]
[EventType "tourn"]
[EventCountry "URU"]
[SourceTitle "playchess.com"]
[Source "ChessBase"]
[SourceQuality "1"]

{[%evp 15,99,50,58,13,54,39,68,18,9,9,14,-13,87,85,85,85,80,74,93,62,52,64,58,45,96,32,117,104,91,95,85,85,83,80,73,87,133,64,51,8,129,50,65,65,100,66,79,74,60,71,94,35,47,29,73,75,116,70,147,149,196,144,139,81,80,26,50,32,69,58,61,58,157,145,372,364,377,351,527,526,707,701,706,704,693,682]} 1. e4 d6 2. d4 Nf6 3. Nc3 g6 4. Nf3 Bg7 5. Be2 O-O 6. O-O c6 7. a4 b6 8. h3 {B08: Pirc Defence: Classical System} Bb7 {LiveBook: 5 Games} 9. Bg5 (9. e5 Ne8 10. Bf4 Nd7 11. Re1 c5 12. exd6 Nxd6 13. dxc5 Nxc5 14. Be5 a5 15. Bxg7 Kxg7 {0-1 (51) Horvath,A (2498)-Aronian,L (2795) Germany 2017}) 9... Nbd7 $146 ({Predecessor:} 9... h6 10. Bh4 Qc7 11. e5 dxe5 12. Nxe5 Nbd7 13. Bg3 Qc8 14. a5 b5 15. Bf3 {1-0 (36) Kaderabek,J (2205)-Haba,Z (2252) Czechia 2010}) 10. Re1 {White is slightly better.} Re8 11. Bf1 e5 12. dxe5 dxe5 13. a5 bxa5 (13... Qc7 $11 {remains equal.}) 14. Nd2 $16 Nc5 15. Nc4 Qxd1 16. Raxd1 Ne6 17. Bc1 Nd4 18. Nxa5 Bc8 19. Bd3 $1 Bf8 (19... Nd7 $14) 20. Nb1 (20. Ne2 $16) 20... Bc5 (20... Be6 $14) 21. c3 Bb6 22. Nc4 Nb3 23. Bg5 Kg7 24. Bc2 Na5 25. Nd6 Rf8 26. b4 (26. Na3 $16) 26... Nb7 $14 27. Na3 Bc7 (27... Nxd6 $11 28. Rxd6 Ne8) 28. Nxc8 (28. Nxb7 $16 Bxb7 29. Bxf6+ Kxf6 30. Rd7) 28... Raxc8 29. Nc4 h6 30. Be3 {And now Ra1 would win.} a5 31. f3 axb4 32. cxb4 Ra8 33. Ra1 (33. Bd2 $16) 33... Rfb8 34. Bd2 Nd7 35. Bc3 f6 36. Red1 Nb6 ({Black should try} 36... Rxa1 $14 37. Rxa1 Nb6) 37. Na5 $16 Nd8 38. Kf1 (38. Rac1 $18) 38... Kf8 39. Ke2 (39. Rac1 $142) 39... Ke8 40. h4 ({White should play} 40. Rac1 $16) 40... Nd7 41. h5 g5 42. g3 $36 {[%mdl 2048] White has the initiative.} Ke7 43. Nc4 {Ne3 is the strong threat.} Ne6 {[#]} (43... Rxa1 $14 44. Rxa1 Bb6) 44. Ne3 $1 Ng7 $2 (44... Nd4+ $16 {is a better defense.} 45. Bxd4 exd4 46. Nf5+ Ke8) 45. Ba4 $18 Ra6 {[#] and the idea ...Bd6 leaves Black hopeful.} 46. b5 $1 {[%cal Rb5a6][%mdl 512]} cxb5 {[#]} (46... Ra7 {was necessary.} 47. bxc6 Nc5 48. Nd5+ Kf8) 47. Bxb5 $1 {[%mdl 512] White is clearly winning.} Rd6 (47... Rxb5 48. Rxa6) 48. Nd5+ Rxd5 49. Rxd5 Nb6 50. Rdd1 {Precision: White = 45%, Black = 35%.} 1-0

[Event "URU-ch Final 2018"]
[Site "Montevideo"]
[Date "2018.04.09"]
[Round "3"]
[White "Larrea, Manuel"]
[Black "Lopez Azambuja, Nicolas"]
[Result "1-0"]
[WhiteElo "2289"]
[BlackElo "2314"]
[Annotator "TA"]
[PlyCount "95"]
[EventDate "2018.??.??"]
[EventType "tourn"]
[EventCountry "URU"]
[SourceTitle "playchess.com"]
[Source "ChessBase"]
[SourceQuality "1"]

{[%evp 19,95,24,29,23,38,30,31,39,32,8,7,8,9,9,8,-6,0,0,0,-2,-1,-16,-14,-14,-21,-20,0,-20,-13,-20,0,0,22,12,20,4,25,16,0,0,25,16,31,31,51,42,177,169,167,76,83,75,66,96,77,63,75,76,315,332,383,367,459,460,451,463,447,373,1032,901,1227,1200,1154,1150,1815,1462,2608,2637]} 1. e4 e6 2. d4 d5 3. Nc3 Bb4 4. e5 c5 5. a3 Bxc3+ 6. bxc3 Qa5 7. Bd2 Qa4 8. Qg4 Kf8 9. Qd1 {C18: French: 3 Nc3 Bb4: Main line: 7 h4 and 7 Qg4} Ne7 10. Qb1 c4 {LiveBook: 7 Games} ({Reject} 10... cxd4 11. Bb5 $16) 11. Nh3 {White has an edge.} (11. h4 Nbc6 12. h5 h6 13. Nf3 Ke8 14. Nh4 Kd8 15. Be2 Kc7 16. Rh3 Bd7 {0-1 (53) Larrea,M (2345)-Lopez Azambuja,N (2242) Punta del Este 2014}) 11... Nbc6 12. Nf4 Ke8 13. Nh5 Rg8 14. h4 Kd8 15. Rh3 {[#]} Kc7 $146 ({Predecessor:} 15... b6 16. Rg3 Nf5 {1-0 (41) Volokitin,A (2687)-Istratescu,A (2651) Haguenau 2013}) 16. Rf3 Bd7 $1 17. Be2 Nf5 18. g4 Nfe7 $1 19. Kf1 $132 {[%mdl 2048] White has counterplay} Raf8 20. Bf4 Ng6 21. Bg3 $1 Kb8 22. Qb2 b6 23. Kg2 Kb7 24. Re1 Bc8 25. Re3 Rd8 26. f4 Nge7 27. Rf1 Rdf8 28. Kh2 Bd7 29. Bf3 Bc8 30. Bg2 f5 31. exf6 $1 gxf6 {[#]} 32. f5 $1 {[%cal Rf5e6][%mdl 512]} Rxg4 (32... e5 $14) (32... exf5 33. Bd6) 33. fxe6 $18 f5 {[#]} 34. Bf3 (34. Nf4 $1 $18 {has better winning chances.}) 34... Rxg3 $16 35. Kxg3 f4+ 36. Nxf4 {And now Ree1 would win.} Nf5+ 37. Kf2 {[%cal Bg3f2,Bf2e3,Be3f4][%mdl 32]} Nxe3 38. Kxe3 {Threatens to win with Rg1.} Rxf4 $2 (38... Ne7 $16) 39. Kxf4 $18 Bxe6 40. Re1 Nd8 41. Qb4 Qd7 {Now ...Qf7+ and Black clings on.} 42. Qf8 Ka6 43. Qf6 Bh3 $2 (43... Kb5 44. Ke3 a5 45. Rb1+ Ka6) 44. Re7 {White is clearly winning.} Ne6+ 45. Ke5 Qc8 46. Rxe6 Bxe6 47. Qxe6 Qc7+ 48. Kf5 {Precision: White = 66%, Black = 29%.} 1-0

[Event "URU-ch Final 2018"]
[Site "Montevideo"]
[Date "2018.04.09"]
[Round "3"]
[White "Carbone, Diego"]
[Black "Rodi, Luis Ernesto"]
[Result "1/2-1/2"]
[WhiteElo "2219"]
[BlackElo "2314"]
[Annotator "TA"]
[PlyCount "252"]
[EventDate "2018.??.??"]
[EventType "tourn"]
[EventCountry "URU"]
[SourceTitle "playchess.com"]
[Source "ChessBase"]
[SourceQuality "1"]

{[%evp 16,252,7,1,20,17,31,10,27,13,27,0,33,31,31,24,45,17,21,-21,11,10,5,0,34,-26,-21,-33,17,10,23,22,16,16,77,4,7,-18,12,13,22,8,41,56,57,35,46,52,93,93,65,85,76,72,214,255,222,204,239,0,210,218,450,264,406,406,365,331,328,31,45,0,0,0,15,-28,0,0,0,0,0,0,0,0,0,0,0,-67,-82,-89,-97,-224,-220,-214,-214,-216,-179,-209,-194,-185,-204,-188,-174,-214,-212,-204,-171,-197,-195,-198,0,-190,-59,-54,0,0,0,0,0,0,0,0,0,0,0,0,0,0,0,0,93,0,0,-8,-5,-8,-39,-1700,-1698,-1698,-196,-1698,-1661,-1064,-810,-601,-196,-196,-196,-196,-196,-196,-196,-196,-196,-196,-196,-196,-196,-196,-196,-202,-59,-59,-59,-210,-210,-210,-196,-29972,-29973,-29977,-29976,-29975,-210,-210,-210,-210,-196,-196,-196,-196,-196,-196,-196,-196,-196,-196,-196,-196,-8,-196,-196,-196,-8,-8,-8,-8,-8,-8,-8,-8,-8,-8,-8,-8,-8,-8,-8,-8,-8,-8,-8,-8,-8,-8,-8,-8,-8,-8,-8,-8,-8,-8,-8,-8,-8,-8,0,-8,0,-8,-8,-8,-8,-8,-8,-8,-8]} 1. Nf3 d5 2. g3 Bg4 3. Bg2 Nd7 4. d4 Ngf6 5. O-O e6 6. Nbd2 Bd6 7. c4 c6 8. Qc2 {D02: 1 d4 d5 2 Nf3 sidelines, including 2...Nf6 3 g3 and 2...Nf6 3 Bf4} (8. b3 O-O 9. Bb2 Re8 10. Rc1 a5 11. Ne5 Bh5 12. f3 Qc7 13. Nd3 Qb8 14. e3 e5 15. dxe5 Nxe5 16. Nf4 Bg6 17. cxd5 cxd5 {1-0 (31) Maghsoodloo,P (2501)-Mchedlishvili,M (2604) Guilan 2016}) 8... O-O 9. e4 {LiveBook: 4 Games} dxe4 10. Nxe4 Nxe4 11. Qxe4 Bf5 12. Qe2 Bg4 13. Qe4 Nf6 14. Qe3 Re8 $146 ({Find the theoretical novelty and annotate with similar games:} 14... Bxf3 15. Qxf3 Re8 {½-½ (62) Tiller,B (2320)-Agdestein,S (2280) Oslo 1982}) 15. Ne5 Bh5 16. h3 Nd7 17. b3 f6 18. Nxd7 Qxd7 19. Bb2 Rad8 20. Rfe1 (20. c5 $14 Bc7 21. f4) 20... Bb4 $11 21. Rf1 b6 (21... e5 $5 22. dxe5 Qd2 $11) 22. g4 Bf7 23. Qf3 Rc8 24. Rad1 Qc7 {[#]} (24... Bd6 $11) 25. a3 (25. c5 $1 $16 {[%mdl 512]}) 25... Bd6 26. b4 c5 27. dxc5 bxc5 28. b5 Red8 29. Bc3 e5 30. Qd3 Be7 31. Qe2 Rxd1 32. Rxd1 Rd8 33. Rxd8+ Qxd8 34. a4 {[%cal Ba3a4,Ba4a5][%mdl 32]} Qd6 (34... Bd6 $16) 35. a5 $1 $18 Qc7 36. Qd3 Qd6 37. Qe2 Qc7 $1 38. Qe4 Bd8 $2 {[#]} (38... Bd6 {keeps fighting.} 39. Qd3 Bg6) 39. Qd3 (39. b6 $142 $1 {[%mdl 512]} Qb8 (39... axb6 40. a6) 40. b7) 39... Kf8 (39... Qe7 {was worth a try.} 40. b6 Bxb6 41. axb6 axb6) 40. Qxh7 Bxc4 41. Qh8+ Kf7 42. b6 $2 (42. Bc6 $18 {[%csl Gc6][%cal Rh8e8]} Ke7 43. f4) 42... axb6 $14 {[#]} 43. a6 $1 {[%mdl 512]} Bxa6 44. Bd5+ Ke7 45. Qg8 {Qf7+ would kill now.} Qd7 46. Qxg7+ Kd6 47. Qg8 Kc7 48. h4 Bc8 49. f3 Bb7 50. Bxb7 $1 Kxb7 51. Kg2 (51. h5 $11) 51... Qd3 $15 52. Be1 Bc7 53. Qf7 (53. Qe6 $17) 53... e4 54. fxe4 Qxe4+ 55. Kf1 Qh1+ 56. Ke2 Qg2+ $1 57. Ke3 Qh3+ 58. Kd2 Qxg4 59. h5 {If White can now play h6 this consolidates a bit.} Qg2+ 60. Ke3 Qg5+ 61. Ke2 {If only White now had time for h6!...} Qe5+ 62. Kf2 Kc6 $2 (62... f5 $19 63. Qg6 Qf4+ 64. Kg1 Qh2+ 65. Kf1 Qh1+ 66. Kf2 Qh4+ 67. Ke2 Qc4+ 68. Kf2 Qf4+ 69. Kg1 Qh2+ 70. Kf1 Qh1+ 71. Ke2 Qe4+ 72. Kf1 Bf4 73. Qg7+ Kc6 74. Qf6+ Bd6) 63. Bd2 $2 (63. h6 $11) 63... Qh2+ (63... f5 $1 $19 64. Qg6+ Kd5) 64. Ke1 Bg3+ (64... f5 $15 65. Qxf5 Qe5+ 66. Qxe5 Bxe5) 65. Kd1 $11 Qh1+ 66. Kc2 Qe4+ 67. Kd1 Qf3+ 68. Kc2 Qf5+ 69. Kd1 Qf3+ 70. Kc2 Qe4+ 71. Kd1 Be5 72. Qe8+ Kd5 (72... Kc7 $11 {keeps the balance.}) 73. Qd7+ ({Better is} 73. Qa8+ $1 $16 Kd4 74. Bc3+ $1 {[%mdl 512]} Ke3 75. Qxe4+ Kxe4 76. Bxe5) 73... Bd6 74. Qb7+ Ke5 75. Bc3+ Kf4 76. Qxe4+ $4 {[%mdl 8192]} (76. Qd7 $15) 76... Kxe4 $19 77. Bxf6 $15 {[%mdl 4096] Endgame KB-KB} Kf5 78. Bd8 $2 (78. Bg7) 78... b5 $19 79. Kc2 Bf8 80. Kd3 Kg4 $2 (80... c4+ 81. Kc3 Bd6) 81. h6 Bxh6 82. Be7 c4+ 83. Kc3 Kf3 84. Kb4 Ke2 85. Bf6 Kd3 86. Kxb5 Be3 $1 {[%cal Re3d4]} 87. Kb4 Bd4 88. Bg5 Bc3+ (88... c3 $1 $19 {[%cal Rc3c2]} 89. Ka3 Bf2) 89. Kc5 $1 $15 Bg7 90. Kb4 $2 (90. Bd2 $1 $15) 90... Bf8+ $19 91. Kb5 c3 {[%cal Bc4c3,Bc3c2][%mdl 32]} 92. Bf4 $2 (92. Ka4 $19) 92... c2 93. Bg5 {[#]} Be7 $1 {[%mdl 512]} 94. Bh6 (94. Bxe7 c1=Q) 94... Bh4 $2 (94... Kc3 {NOTEXT} 95. Bc1 Kb3 96. Be3 Ka2 97. Ka4 Bf6 98. Kb5 Kb1 99. Kc4 Bb2 100. Bh6 Bc1 101. Bf8 Bg5 102. Ba3 Bf6 103. Kb5 Bb2 104. Bb4 c1=Q 105. Bc5 Qf4 106. Ka5 Qc4 107. Kb6 Qd5 108. Bg1 Qe6+ 109. Kc5 Qf5+ 110. Kc4 Qf1+ 111. Kc5 Qxg1+ 112. Kd5 Qd4+ 113. Kc6 Qe5 114. Kb6 Qd5 115. Ka6 Qc6+ 116. Ka7 Bd4+ 117. Kb8 Qd7 118. Ka8 Qc8#) 95. Ka4 Be1 96. Bc1 Ke2 97. Kb3 Kd1 98. Bb2 Bh4 99. Ba3 {[#]} Be7 $1 {[%mdl 512]} 100. Bb2 {[#]} (100. Bxe7 c1=Q) 100... Bf6 $1 {[%mdl 512]} 101. Ba3 (101. Bxf6 c1=Q) 101... Be5 102. Kc4 {[#]} Bf4 $2 (102... Bd6 $1 $19 {[%mdl 512]} 103. Bb2 {[#]} (103. Bxd6 c1=Q+) 103... Be5 $1 {[%mdl 512]}) 103. Kb3 $2 (103. Kd3 $11 {and White is okay.} Bd6 104. Bb2) 103... Bc1 {( -> ...Bxa3)} 104. Be7 {[#]} Bb2 $1 {[%mdl 512]} 105. Bg5 $11 {[#]The position is equal.} (105. Kxb2 c1=Q+) 105... Bf6 $1 {[%mdl 512]} 106. Bf4 (106. Bxf6 c1=Q) 106... Bd4 107. Kc4 {[#]} Be5 $1 {[%mdl 512]} 108. Bg5 (108. Bxe5 c1=Q+) 108... Bg3 (108... Bf6 $5 109. Be3 Bb2 $19) 109. Kd3 Bd6 110. Bh6 Ba3 111. Bg5 Bc1 112. Bf6 Bf4 113. Bb2 Bd6 {And now ...Bf4 would win.} 114. Ke3 Bf8 115. Kd3 Be7 {aiming for ...Bd8.} 116. Ke3 Bg5+ 117. Kd3 Bd2 {Hoping for ...Bf4.} 118. Ba3 {[#]} Bb4 $1 {[%mdl 512]} 119. Bb2 (119. Bxb4 c1=Q) 119... Bc5 {White must now prevent ...Be7.} 120. Kc4 Bd6 121. Kd3 Be7 {Threatens to win with ...Bc5.} 122. Ke3 Bf8 {Strongly threatening ...Be7.} 123. Kd3 Bh6 {...Bf4 is the strong threat.} 124. Ba3 Bc1 125. Be7 Bb2 126. Bg5 {[#]} Bf6 $1 {[%mdl 512] Precision: White = 51%, Black = 50%.} 1/2-1/2

[Event "URU-ch Final 2018"]
[Site "Montevideo"]
[Date "2018.04.09"]
[Round "3"]
[White "Granara Barreto, Sebastian"]
[Black "Kimelman, Gabriel"]
[Result "0-1"]
[WhiteElo "2164"]
[BlackElo "2255"]
[Annotator "TA"]
[PlyCount "118"]
[EventDate "2018.??.??"]
[EventType "tourn"]
[EventCountry "URU"]
[SourceTitle "playchess.com"]
[Source "ChessBase"]
[SourceQuality "1"]

{[%evp 19,118,67,97,0,0,0,0,7,0,0,0,0,-5,-8,0,0,0,0,0,0,0,0,0,0,0,0,0,-29,-30,-188,-162,-202,-191,-206,-187,-212,-150,-148,-139,-122,-130,-135,-125,-113,-102,-159,-118,-111,-106,-121,-100,-262,-266,-348,-343,-352,-366,-417,-413,-447,-451,-450,-447,-439,-442,-426,-422,-416,-377,-497,-470,-483,-448,-434,-425,-410,-400,-471,-470,-462,0,-438,0,-474,-465,-480,-475,-474,-477,-471,-454,-577,-579,-582,-574,-737,-699,-1008,-861,-5824,-1291]} 1. d4 e6 2. c4 Nf6 3. Nc3 Bb4 4. e3 b6 5. Nge2 Ba6 6. Ng3 c5 7. d5 {E45: Nimzo-Indian: Rubinstein: 4...b6 5 Ne2 Ba6} exd5 8. cxd5 Bxf1 9. Kxf1 O-O 10. e4 Re8 {LiveBook: 3 Games} 11. Qf3 (11. f3 $16) 11... Bxc3 $11 12. bxc3 {next Bg5 is good for White.} Nxe4 13. Nxe4 $146 ({Predecessor:} 13. d6 Qf6 14. Nxe4 Qe6 15. Nf6+ gxf6 {1-0 (46) Toth,B (2312)-Carron,J (2346) Switzerland 2011}) 13... Qe7 14. Nf6+ Qxf6 15. Qxf6 gxf6 16. Bh6 f5 17. h4 f6 $1 18. Rh3 Kf7 $1 19. Rg3 Rg8 20. Rxg8 Kxg8 {[%mdl 4096] Endgame KRB-KRN} 21. Re1 {[#] And now Re8+ would win.} Kf7 $1 22. Re3 Na6 23. Rg3 {Black must now prevent Rg7+.} Rg8 24. Re3 $2 (24. Rxg8 $11 Kxg8 25. Bf4) 24... Nc7 25. d6 Ne6 26. g3 c4 27. Rf3 Rc8 28. Be3 Kg6 29. h5+ Kxh5 {Threatens to win with ...Kg4.} 30. Rxf5+ Kg6 31. Rd5 h5 32. Ke2 (32. a4 $142) 32... f5 33. a4 Rc6 34. f3 Kf6 35. Bf2 $2 {[#]} (35. Kf2 $17) 35... h4 $1 $19 {[%mdl 512]} 36. f4 (36. gxh4 Nf4+) 36... hxg3 37. Bxg3 Nc5 38. Bh4+ Kg6 39. Ke3 Nxa4 40. Kd4 Nc5 41. Kxc4 Ne4+ 42. Kd4 Nxc3 43. Re5 Ne4 44. Be7 a6 45. Rd5 Nc3 46. Re5 Nb5+ 47. Kd3 Rc3+ 48. Ke2 Rc4 49. Ke3 Rc3+ 50. Ke2 $1 Rc6 $2 ({Black should play} 50... Nd4+ $19 51. Kd2 Rc4) 51. Re6+ $2 {[%mdl 8192]} (51. Kd3 $1 $11 {and White stays safe.} Rc3+ 52. Kd2) 51... Kh5 {Strongly threatening ...Nd4+.Black is clearly winning.} 52. Rf6 Kg4 53. Ke3 Rc3+ 54. Kd2 Kxf4 55. Rh6 Ke4 56. Rh4+ f4 {[%cal Bf5f4,Bf4f3][%mdl 32]} 57. Rh5 Rd3+ 58. Ke2 Nxd6 59. Bf6 f3+ {Precision: White = 45%, Black = 78%.} 0-1

[Event "URU-ch Final 2018"]
[Site "Montevideo"]
[Date "2018.04.11"]
[Round "4"]
[White "Lopez Azambuja, Nicolas"]
[Black "Dominguez, Facundo"]
[Result "1-0"]
[WhiteElo "2314"]
[BlackElo "2143"]
[Annotator "TA"]
[PlyCount "137"]
[EventDate "2018.??.??"]
[EventType "tourn"]
[EventCountry "URU"]
[SourceTitle "playchess.com"]
[Source "ChessBase"]
[SourceQuality "1"]

{[%evp 19,137,21,29,22,50,46,51,49,51,48,57,53,74,-5,111,112,148,143,130,126,158,103,119,116,112,120,161,161,147,122,122,122,123,114,130,124,140,134,161,127,156,156,167,148,190,0,160,158,168,154,233,249,271,231,261,249,272,275,353,353,348,329,443,428,393,0,424,410,491,500,471,453,424,256,361,268,421,290,290,290,290,290,290,290,290,255,255,261,256,262,337,300,445,290,540,512,925,925,993,124,119,0,793,689,680,618,741,554,991,975,952,883,879,864,1674,824,1464,0,5147,5143]} 1. d4 e6 2. c4 Bb4+ 3. Bd2 Bxd2+ 4. Qxd2 Nf6 5. Nf3 O-O 6. g3 d5 7. Bg2 b6 8. cxd5 exd5 9. Nc3 Bb7 10. O-O Nbd7 {LiveBook: 16 Games. E16: Queen's Indian: 4 g3 Bb7 5 Bg2 Bb4+} 11. b4 (11. Rac1 Re8 12. Rfd1 c6 13. Qc2 Qe7 14. Nd2 Nf8 15. e4 dxe4 16. Ndxe4 Ne6 17. Qa4 Nxe4 18. Bxe4 {0-1 (38) Markus,R (2662)-Cori Tello,J (2609) Baku 2016}) 11... c5 12. bxc5 bxc5 {White is slightly better.} 13. Rfd1 $146 ({Find the theoretical novelty and annotate with similar games:} 13. Rab1 Rb8 14. Rfd1 Re8 15. dxc5 Nxc5 16. Qd4 Qe7 17. Qb4 Nce4 18. Qxe7 Rxe7 19. Nxe4 dxe4 {0-1 (55) Cazzaniga,W (2088)-Bemporad,F (2068) Milan 2011}) 13... Re8 14. Qb2 Rb8 15. Qa3 Ne4 16. Rac1 ({White should try} 16. dxc5 $16 {Nxe4 is the strong threat.} Nxc3 17. Qxc3) 16... cxd4 (16... Nxc3 $1 $11 17. Qxc3 c4) 17. Nxd4 $16 Qf6 18. Nxe4 dxe4 19. Qxa7 Ne5 20. h3 (20. Rb1 $142 Ng4 21. Rf1 (21. Rxb7 $2 Qxf2+ 22. Kh1 Rxb7 $17)) 20... Ba8 21. Rb1 Rbd8 22. Nc2 Nc4 23. Rxd8 Qxd8 24. Ne3 Nxe3 25. Qxe3 ({Resist} 25. fxe3 Qd6 $14) 25... h6 26. Kh2 Qd5 27. a3 Qe5 28. Rb4 Qe6 29. Rd4 Qe7 30. a4 Qe5 31. Rd7 Qe6 32. Rd4 Qe5 $1 33. Rb4 Qd6 34. Rb6 Qe5 (34... Qd5 $16 35. h4 Qa5) 35. Rb5 $18 Qc7 36. Rc5 Qd6 37. a5 {[%cal Ba4a5,Ba5a6,Ba6a7][%mdl 32]} Qe6 38. Rb5 Qc6 39. Rb6 Qc7 40. a6 Qe7 41. Rb5 Bc6 42. Rb6 Ba8 $1 43. Rb1 f5 44. a7 Qe5 45. Rb4 Kh7 46. Qd4 Qc7 (46... Qxd4 {was called for.} 47. Rxd4 Kg6) 47. Rb5 f4 (47... Re7 $142 48. Rxf5 Qxa7) 48. Qc5 Qxc5 49. Rxc5 {[%mdl 4096] Endgame KRB-KRB} f3 50. exf3 exf3 51. Bf1 Re7 52. Bd3+ g6 53. Ra5 {Black must now prevent Ra6.} Rd7 54. Ra3 Kg7 55. g4 g5 (55... Rd4 {was worth a try.} 56. Kg3 g5) 56. Kg3 Rd6 $2 {[#]} (56... Rc7 57. Ra1 Kf6) 57. h4 {[%cal Bh3h4,Bh4h5][%mdl 32]} Rd4 (57... Rd7 $142 58. h5 Rd4) 58. h5 Rd6 59. Rc3 $2 (59. Bc4 $18 {and White stays clearly on top.} Rd4 60. Ra4) 59... Rd7 $16 60. Ra3 ({Better is} 60. Rb3 $16) 60... Rd4 $2 {[%mdl 8192] [#]} (60... Rd6 $11 61. Bc4 Rd4) 61. Bc2 $18 Rd2 62. Ba4 Rd6 63. Ra2 Rd4 64. Ra1 Rd6 65. Bc2 Kf6 66. Bf5 Rb6 67. Kh2 (67. Bd3 $142 Rd6 68. Bc2) 67... Ke5 68. Kg3 $2 (68. Re1+ $18 Kd6 69. Re8) 68... Kd4 $2 {[%mdl 8192]} (68... Kf6 $11 69. Ra3 Rd6) 69. Rd1+ {Precision: White = 62%, Black = 35%.} 1-0